Revitalizácia rekreačnej oblasti Duchonka

Enregistré dans:
Détails bibliographiques
Auteur principal: Mádel, Patrik (Auteur)
Autres auteurs: Stankoci, Ivan (Directeur de thèse)
Format: Manuscrit Livre
Langue:slovaque
Publié: 2017
Sujets:
Accès en ligne:http://is.stuba.sk/zp/portal_zp.pl?podrobnosti=125173
https://opac.crzp.sk/?fn=detailBiblioForm&sid=E7FF18FD4FFD5019D5F8EE3CC38C
Tags: Ajouter un tag
Pas de tags, Soyez le premier à ajouter un tag!

MARC

LEADER 00000ntm a22000003a 4500
001 stuzp63346
003 SK-STU
005 20230816092128.3
007 ta
008 150427s2015----xo-----f-mn---000-0-slo-d
040 |a STU  |b slo 
041 0 |a slo 
100 1 |a Mádel, Patrik  |u 010160  |4 aut  |U SvF Stavebná fakulta  |T SvF Katedra vodného hospodárstva krajiny  |X 70370  |U V160  |Y 16  |7 70370 
242 0 1 |a Revitalization of the recreation area Duchonka  |y eng 
245 1 0 |a Revitalizácia rekreačnej oblasti Duchonka 
260 |c 2017 
650 4 |a Duchonka  |2 slo 
650 4 |a rekreačná oblasť  |2 slo 
650 4 |a vodná nádrž  |2 slo 
650 4 |a revitalizácia  |2 slo 
650 4 |a krajinárska štúdia  |2 slo 
650 4 |a revitalization  |2 eng 
650 4 |a landscape study  |2 eng 
650 4 |a recreation area  |2 eng 
650 4 |a water reservoir  |2 eng 
650 4 |a Duchonka  |2 eng 
700 1 |a Stankoci, Ivan  |u 056160  |k Z1  |4 ths  |U FAD Fakulta architektúry  |T FA Ústav urbanizmu a územného plánovania  |X 5043  |U A6160  |Y 397  |7 A000005043 
856 4 |u http://is.stuba.sk/zp/portal_zp.pl?podrobnosti=125173 
856 4 |u https://opac.crzp.sk/?fn=detailBiblioForm&sid=E7FF18FD4FFD5019D5F8EE3CC38C